00446nam a2200157Ia 4500008004100000020001500041082001600056100002000072245005500092250000800147260004200155300003000197500001900227600002700246650001500273240925s9999 xx 000 0 und d a8178089912 a621.395 RAB aRabaey ,Jan .M 0aDigital Integrated Circuits: a design perspective  a2nd aSingapore:bPearson educationc,2005. axvi,1115p.bNAfPhotocopy aIncludes Index aElectronic Engineering aTechnology